Анализ водных ресурсов Томской области; Современные техника и технологии; Т. 2

গ্রন্থ-পঞ্জীর বিবরন
Parent link:Современные техника и технологии: 12-я международная научно-практическая конференция студентов, аспирантов и молодых ученых, г. Томск, 27 марта - 31 марта 2006 г./ Томский политехнический университет.— , 2006
Т. 2.— 2006.— С. 416-418
প্রধান লেখক: Чеснокова Е. В.
অন্যান্য লেখক: Арещенко М. В., Молодёжникова Л. И.
ভাষা:রুশ
প্রকাশিত: 2006
বিষয়গুলি:
বিন্যাস: MixedMaterials গ্রন্থের অধ্যায়
KOHA link:https://koha.lib.tpu.ru/cgi-bin/koha/opac-detail.pl?biblionumber=115729

MARC

LEADER 00000naa2a2200000 4500
001 115729
005 20231031122834.0
035 |a (RuTPU)RU\TPU\book\125169 
090 |a 115729 
100 |a 20070514d2006 k y0rusy50 ca 
101 0 |a rus 
102 |a RU 
200 1 |a Анализ водных ресурсов Томской области  |f Е. В. Чеснокова, М. В. Арещенко, Л. И. Молодёжникова 
461 1 |0 (RuTPU)RU\TPU\book\111998  |t Современные техника и технологии  |o 12-я международная научно-практическая конференция студентов, аспирантов и молодых ученых, г. Томск, 27 марта - 31 марта 2006 г.  |o труды в 2 т.  |f Томский политехнический университет  |d 2006 
463 0 |0 (RuTPU)RU\TPU\book\114157  |t Т. 2  |v С. 416-418  |d 2006  |p 518 с. 
610 1 |a Томская область 
610 1 |a водные ресурсы 
610 1 |a пресные воды 
610 1 |a воды подземные 
610 1 |a поверхностные воды 
610 1 |a труды учёных ТПУ 
700 1 |a Чеснокова  |b Е. В. 
701 1 |a Арещенко  |b М. В. 
701 1 |a Молодёжникова  |b Л. И. 
801 1 |a RU  |b 63413507  |c 20070514  |g PSBO 
801 2 |a RU  |b 63413507  |c 20091211  |g PSBO 
942 |c BK